Vista normal
Vista MARC
Entrada Topical Term
Número de registros utilizados en: 1
001 - CONTROL NUMBER
- control field: 10020
003 - CONTROL NUMBER IDENTIFIER
- control field: OSt
005 - DATE AND TIME OF LATEST TRANSACTION
- control field: 20230915230141.0
008 - FIXED-LENGTH DATA ELEMENTS
- fixed length control field: 230915|| aca||aabn | a|a d
040 ## - CATALOGING SOURCE
- Original cataloging agency: OSt
- Transcribing agency: OSt
150 ## - HEADING--TOPICAL TERM
- Topical term or geographic name entry element: GUERRA TERRESTRE, MOVIMIENTOS HISTORICOS, NEUTRALIDAD
670 ## - SOURCE DATA FOUND
- Source citation: Work cat.: (OSt)20825: Cómite Internacional de la Cruz Roja 10019, Derecho Internacional relativo a la conducción de las hostilidades : , 1990.